000 00478nam a2200193Ia 4500
005 20240823023250.0
008 240823s9999||||xx |||||||||||||| ||und||
020 _a0-19-956214-8
041 _aENGLISH
082 _A658.3 P9
100 _aPaul Banfield et al.
245 0 _aIntroduction to human resource management
250 _a1st
260 _c2009
_bo
500 _aYES
650 _aHuman Resource Management
_bManagement Studies
942 _cBK
999 _c181131
_d181131